[Event "ROM-ch U12"]
[Site "Baile Felix"]
[Date "2017.02.03"]
[Round "2"]
[White "Buga, Denis Ionut"]
[Black "Chiric, David"]
[Result "1/2-1/2"]
[WhiteElo "1026"]
[BlackElo "1262"]
[PlyCount "53"]
[EventDate "2017.02.02"]
[EventType "swiss"]
[EventRounds "9"]
[EventCountry "ROU"]
[SourceTitle "CBM 176 Extra"]
[Source "ChessBase"]
[SourceDate "2017.03.02"]
[SourceVersion "1"]
[SourceVersionDate "2017.03.02"]
[SourceQuality "1"]

1. e4 e6 2. Nc3 d5 3. exd5 exd5 4. d4 Nf6 5. Nf3 c5 6. Bb5+ Bd7 7. Bxd7+ Qxd7 8. Qe2+ Qe7 9. Qxe7+ Bxe7 10. Nb5 Na6 11. Be3 0-0 12. 0-0 Nb4 13. Na3 Nc6 14. dxc5 Ne4 15. c4 dxc4 16. Nxc4 Nxc5 17. Nd4 Nxd4 18. Bxd4 Ne6 19. Be3 Rac8 20. b3 h6 21. Rac1 a6 22. Nb6 Rxc1 23. Rxc1 Rd8 24. g3 Bg5 25. Rc8 Rxc8 26. Nxc8 Bxe3 27. fxe3 1/2-1/2